Los movimientos teológicos secularizantes (Record no. 175617)

MARC details
000 -LEADER
campo de control de longitud fija 00889nam a2200241 i 4500
001 - NÚMERO DE CONTROL
campo de control 175617
003 - IDENTIFICADOR DE NÚMERO DE CONTROL
campo de control ES-MaACL
005 - FECHA Y HORA DE LA ÚLTIMA TRANSACCIÓN
campo de control 20251009160651.0
007 - CAMPO FIJO DE DESCRIPCIÓN FÍSICA--INFORMACIÓN GENERAL
campo de control de longitud fija t|
008 - DATOS DE LONGITUD FIJA--INFORMACIÓN GENERAL
campo de control de longitud fija 101111s1973 sp r ||||1| spa d
020 ## - NÚMERO INTERNACIONAL ESTÁNDAR DEL LIBRO
Número Internacional Estándar del Libro 84-220-0447-X
080 ## - NÚMERO DE LA CLASIFICACIÓN DECIMAL UNIVERSAL
Número de la Clasificación Decimal Universal 2-752
100 1# - ENTRADA PRINCIPAL--NOMBRE DE PERSONA
Nombre de persona Hanssler, Bernhard.
9 (RLIN) 143895
245 14 - MENCIÓN DEL TÍTULO
Título Los movimientos teológicos secularizantes
Resto del título : cuestiones actuales de metodología teológica /
Mención de responsabilidad, etc. por J. A. de Aldama ... [et al.].
260 ## - PUBLICACIÓN, DISTRIBUCIÓN, ETC.
Lugar de publicación, distribución, etc. Madrid :
Nombre del editor, distribuidor, etc. La Editorial Católica,
Fecha de publicación, distribución, etc. 1973.
300 ## - DESCRIPCIÓN FÍSICA
Extensión XII, 192, [15] p. ;
Dimensiones 18 cm.
490 1# - MENCIÓN DE SERIE
Mención de serie Biblioteca de autores cristianos. Serie Minor ;
Designación de volumen o secuencia 31
650 07 - PUNTO DE ACCESO ADICIONAL DE MATERIA--TÉRMINO DE MATERIA
Término de materia o nombre geográfico como elemento de entrada Secularización (Teología)
Fuente del encabezamiento o término embne
9 (RLIN) 17005
700 1# - ENTRADA AGREGADA--NOMBRE PERSONAL
Nombre de persona Aldama, José Antonio de,
Fechas asociadas al nombre 1903-1980
9 (RLIN) 19598
830 00 - PUNTO DE ACCESO ADICIONAL DE SERIE-TÍTULO UNIFORME
Título uniforme Biblioteca de autores cristianos.
Nombre de parte o sección de la obra Minor
Designación de volumen o secuencia 31
9 (RLIN) 189814
852 ## - LOCALIZACIÓN
Ubicación ES-MaACL
Número de control de estantería E-13498
Encuadernación Olim P-1255
Holdings
Estatus retirado Estado de pérdida Estado de daño No para préstamo Biblioteca de origen Biblioteca actual Ubicación en estantería Fecha de adquisición Fuente de adquisición Total de préstamos Signatura topográfica completa Código de barras Visto por última vez Precio de reemplazo Tipo de ítem Koha
        Biblioteca del Ateneo de Madrid Biblioteca del Ateneo de Madrid Depósito 2 11/11/2010     E-13498 1184410 23/02/2023 23/02/2023 Libro impreso